Регионална библиотека "Любен Каравелов" - Русе

Робинзон Крузо (Запис номер 145842)

MARC детайли
000 -Лидер
Контролно поле с фиксирана дължина 01466nam a2200349 c 4500
003 - Код на организацията, давaща контролен номер
Контролно поле BLK
005 - Дата и час на последна редакция
Контролно поле 20190726150646.0
008 - Елементи от данни с фиксирана дължина
fixed length control field 180410b bul|||||r ||||||| ||bul||
010 ## - Наследен системен номер
LC control number KNG00152027000
040 ## - Източник на каталожния запис
Идентификатор на билиотеката - собственик на записа BLK
041 ## - Код за език
Код за езика на текст/звукозапис или на отделно заглавие Български
Код за езика КДБФ Български
080 ## - УДК
Текстов определител УДК Английска литература
УДК код - определител по УДК 821.111
УДК определител -93-91
УДК - код + определител 821.111-93-91
100 1# - Редна дума - Автор
Автор Дефо, Даниел
Авторска отговорност първи автор
R(LIN) 371409
139 ## - Редно поле
Редна дума Дефо, Даниел
Авторски знак Деф - Д 46
245 10 - Сведения за заглавието
Заглавие Робинзон Крузо
Подзаглавни данни Роман за деца
Редно поле (дума) Даниел Дефо; прев. от итал. Светозар Асенов Златаров; ил. Балтер; адапт. Ф. Аустин.
257 ## - Страна на издаване
Страна на създаване/издаване Великобритания
260 ## - Област на издателските данни
-- София
Име на издателя, разпространителя и проч. Нар. младеж
Година на издаване 1973
300 ## - Физическа характеристика
Страници 56 с.
Илюстрации и др. с ил.
Размери/Мащаб 34 см
380 ## - Жанр
Жанр Детска худож. лит.
500 ## - Общи забележки
Забележка Прев. от Robinson Crusoe ; Ориг. загл. Life and strange surprising adventures of Robinson Krusoe. - 50 000 тир.
653 ## - Ключова дума – ненормативна
Ключова дума романи
653 ## - Ключова дума – ненормативна
Ключова дума литература за деца
653 ## - Ключова дума – ненормативна
Ключова дума детска литература
700 1# - Други автори (авторска отговорност)
Лично име Златаров, Светозар Асенов
Автороска отговорност (Описва отношението между автора и произведението) прев. от итал.
9 (RLIN) 367266
700 1# - Други автори (авторска отговорност)
Лично име Балтер
Автороска отговорност (Описва отношението между автора и произведението) ил.
9 (RLIN) 36165
700 1# - Други автори (авторска отговорност)
Лично име Аустин, Ф.
Автороска отговорност (Описва отношението между автора и произведението) адапт.
9 (RLIN) 34807
852 ## - Местоположение
Форматна сигнатура Цб ІІ 18963
856 4# - Електронен адрес и достъп
Електронен формат pdf - файл
Път до файла /url/
856 4# - Електронен адрес и достъп
Електронен формат pdf - файл
Път до файла /url/
942 ## - АРТИКУЛИ
Вид на библиотечния материал Книги
Скрит в OPAC Не
Koha issues (borrowed), all copies 6
944 ## - СЪЗДАВАНЕ И РЕДАКЦИЯ на ЗАПИСА
Създаване/Редакция Създаване
Дата на регистрацията/редакция 17.10.2013
Статус, дата на статуса ф / 17.10.2013
Служител, извършил регистрацията/редакцията Виктория_Петкова
944 ## - СЪЗДАВАНЕ И РЕДАКЦИЯ на ЗАПИСА
Създаване/Редакция Редакция
Дата на регистрацията/редакция 09.06.2016
Статус, дата на статуса ф / 17.10.2013
Служител, извършил регистрацията/редакцията Людмила_Стоянова
999 ## - СИСТЕМНИ КОНТРОЛНИ НОМЕРА
Koha biblionumber 145842
Koha biblioitemnumber 145842
Наличности
Код за отписване Код за изгубен артикул Източник на класификационната схема Код за повреда Коз за рестрикции Код за отдаване Артикулен № Име на библиотеката - собственик Име на библиотеката, в която се намира в момента Статус (Текущо местоположение) Дата на вписване в системата Местоположение - отдел Цена в лева Инвентарен номер Систематично азбучна сигнатура Баркод Номер на екземпляра Цена в евро Служебна бележка Служебен тип на артикула
  Не е изгубен Universal Decimal Classification Не е повреден само за читалня ползва се в читалня 242263 Регионална библиотека "Любен Каравелов" Русе Регионална библиотека "Любен Каравелов" Русе Хранилище 1973-01-01 Хранилище 1.12 140718 Цб ІІ 18963 120000140718 1 0.57 Дост: Dp Вид: Д N: стар фонд Дата: 01.01.1973 Книги
Изтеглен Не е изгубен Universal Decimal Classification Не е повреден без рестрикции заемане за дома 242264 Регионална библиотека "Любен Каравелов" Русе Регионална библиотека "Любен Каравелов" Русе Детски отдел 1973-01-01 Детски отдел 0.30 633576 ДХ 820/899/Д 46 633576 2 0.15 Дост: DA Вид: А N: стар фонд Дата: 01.01.1973 Дата инв: 06.08.2015 Бележки инв: Д2015 Книги
Изтеглен Не е изгубен Universal Decimal Classification Не е повреден без рестрикции заемане за дома 242265 Регионална библиотека "Любен Каравелов" Русе Регионална библиотека "Любен Каравелов" Русе Детски отдел 2016-03-23 Детски отдел 5.00 120000799112 ДХ 820/899/Д 46 120000799112 3 2.56 Дост: DA Вид: А N: 12 Дата: 23.03.2016 Книги
Vip Innovations Ltd, Rousse, Bulgaria 2025